[Event "C.to Regionale Sardegna"]
[Site "Sardara ITA"]
[Date "2011.05.28"]
[Round "5"]
[White "Ricci, Maurizio"]
[Black "Passalacqua, Tullio"]
[Result "0-1"]
[WhiteElo "1287"]
[BlackElo "1479"]
[PlyCount "72"]
[EventDate "2011.05.23"]

1. e4 e6 2. d4 d5 3. e5 c5 4. c3 Qb6 5. Nf3 Bd7 6. Be2 Bb5 7. O-O Bxe2 8. Qxe2
Nc6 9. Be3 Nge7 10. dxc5 Qc7 11. Na3 a6 12. b4 Nxe5 13. Bf4 Nxf3+ 14. Qxf3 e5
15. Bg3 f6 16. Nc2 Qc6 17. Qe2 g6 18. Ne3 Bg7 19. Rad1 O-O 20. f4 e4 21. f5 Nc8
22. Nxd5 gxf5 23. Rxf5 Qe6 24. Qc4 Kh8 25. Qf1 Ne7 26. Nxe7 Qxe7 27. Bd6 Qe6
28. Bxf8 Rxf8 29. Rd6 Qxa2 30. h3 e3 31. Rdxf6 Bxf6 32. Rxf6 Rg8 33. Re6 Qxe6
34. Qe2 Rf8 35. c4 Rf2 36. b5 Rxe2 0-1

[Event "C.to Regionale Sardegna"]
[Site "Sardara ITA"]
[Date "2011.05.28"]
[Round "5"]
[White "Serra, Emanuele"]
[Black "Dessy, Eugenio"]
[Result "1-0"]
[WhiteElo "1786"]
[BlackElo "1679"]
[PlyCount "79"]
[EventDate "2011.05.23"]

1. Nh3 b6 2. d4 Nf6 3. Nc3 d5 4. g3 Bb7 5. Bg2 Nbd7 6. Bf4 e6 7. Nb5 Rc8 8.
Nxa7 Ra8 9. Nb5 Rc8 10. O-O Be7 11. c4 O-O 12. Rc1 Ba6 13. Na7 dxc4 14. Nxc8
Qxc8 15. Re1 Bb4 16. Bd2 Be7 17. e4 e5 18. Bc3 exd4 19. Bxd4 Nc5 20. Bxc5 Bxc5
21. Qa4 b5 22. Qc2 Nd7 23. Nf4 Ne5 24. Rcd1 Ng4 25. Rf1 b4 26. h3 Ne5 27. Rd5
Bd6 28. Rfd1 Bb7 29. R5d2 g5 30. Nd5 Qe6 31. Ne3 Ba6 32. Rd5 Bb7 33. Nxc4 Bxd5
34. Rxd5 Nxc4 35. Qxc4 h6 36. Qd3 Be5 37. b3 f5 38. exf5 Rxf5 39. Rd8+ Rf8 40.
Bd5 1-0

[Event "C.to Regionale Sardegna"]
[Site "Sardara ITA"]
[Date "2011.05.28"]
[Round "6"]
[White "Altea, Alessandro"]
[Black "Caredda, Giuseppe"]
[Result "1/2-1/2"]
[WhiteElo "1813"]
[BlackElo "1608"]
[PlyCount "43"]
[EventDate "2011.05.23"]

1. c4 Nf6 2. Nf3 e6 3. g3 d5 4. cxd5 Nxd5 5. Bg2 Be7 6. O-O O-O 7. Nc3 c6 8. d4
Nd7 9. Nxd5 cxd5 10. Bf4 Nf6 11. Rc1 Bd6 12. Bxd6 Qxd6 13. Qd3 Re8 14. Rc2 Bd7
15. Rfc1 a6 16. Rc7 Bc6 17. R7xc6 bxc6 18. Ne5 Rec8 19. Qc3 Rc7 20. Nd3 Nd7 21.
a3 Rac8 22. b4 1/2-1/2

[Event "C.to Regionale Sardegna"]
[Site "Sardara ITA"]
[Date "2011.05.28"]
[Round "6"]
[White "Corona, Rafaele"]
[Black "Mameli, Gianluca"]
[Result "0-1"]
[WhiteElo "1437"]
[BlackElo "1945"]
[PlyCount "98"]
[EventDate "2011.05.23"]

1. d4 d5 2. Nc3 Nf6 3. Qd3 g6 4. f3 Nc6 5. Bg5 Bg7 6. O-O-O O-O 7. h4 h5 8. Qd2
a6 9. Bh6 b5 10. Bxg7 Kxg7 11. Qg5 Qd7 12. Nh3 Qf5 13. e4 dxe4 14. fxe4 Qxg5+
15. Nxg5 Rd8 16. d5 Ne5 17. Bd3 Nfg4 18. Rhe1 Bb7 19. Re2 Rac8 20. Nf3 Rd6 21.
Nxe5 Nxe5 22. Rf2 c6 23. dxc6 Bxc6 24. Rfd2 b4 25. Nd5 Bxd5 26. exd5 Rc5 27.
Be4 f5 28. Bf3 Kf6 29. Rd4 a5 30. R4d2 Nxf3 31. gxf3 Ke5 32. Re2+ Kf4 33. Rxe7
Kxf3 34. Rg7 f4 35. Rf1+ Kg4 36. Rf7 Rc4 37. b3 Rd4 38. Rg7 R4xd5 39. Rg1+ Kxh4
40. R1xg6 Rxg6 41. Rxg6 Rg5 42. Rf6 Kg3 43. Kd2 f3 44. Ke1 h4 45. Kf1 h3 46.
Rh6 Rg4 47. Kg1 Rh4 48. Rg6+ Kf4 49. Rf6+ Ke3 0-1

[Event "C.to Regionale Sardegna"]
[Site "Sardara ITA"]
[Date "2011.05.28"]
[Round "6"]
[White "Deruda, Leonardo"]
[Black "Magrini, Fabrizio"]
[Result "1/2-1/2"]
[WhiteElo "1930"]
[BlackElo "2158"]
[PlyCount "71"]
[EventDate "2011.05.23"]

1. g3 e5 2. c4 Nf6 3. Bg2 c6 4. d4 exd4 5. Qxd4 d6 6. Nf3 Be7 7. Nc3 O-O 8. O-O
Na6 9. a3 Nc5 10. Qd1 a5 11. Na4 Nfe4 12. Be3 Bf6 13. Nxc5 Nxc5 14. Qc2 g6 15.
Nd4 a4 16. Rad1 Re8 17. Nxc6 bxc6 18. Bxc5 Bf5 19. e4 Be6 20. Bxd6 Qb6 21. e5
Bf5 22. Qc3 Bg7 23. Rfe1 h5 24. Qb4 Qa6 25. c5 Bg4 26. Rd4 Qc8 27. Rf4 Bh6 28.
Rf6 Bg5 29. Rf4 Bxf4 30. Qxf4 Be6 31. Bf1 Qb7 32. Qd4 Qb3 33. Rd1 Ra7 34. Rd3
Qc2 35. Rd2 Qb3 36. Rd3 1/2-1/2

[Event "C.to Regionale Sardegna"]
[Site "Sardara ITA"]
[Date "2011.05.28"]
[Round "6"]
[White "Erriu, Giampiero"]
[Black "Ricci, Maurizio"]
[Result "1-0"]
[WhiteElo "1734"]
[BlackElo "1287"]
[PlyCount "53"]
[EventDate "2011.05.23"]

1. Nf3 d5 2. d4 Nc6 3. c4 e6 4. cxd5 exd5 5. Nc3 Nf6 6. Bg5 h6 7. Bxf6 Qxf6 8.
g3 Be6 9. Bg2 Bb4 10. O-O O-O 11. a3 Bd6 12. Re1 Bf5 13. e3 Na5 14. Nxd5 Qe6
15. Nc3 Bh3 16. d5 Qg4 17. Rc1 Bxg2 18. Kxg2 a6 19. b4 Nc4 20. Nb1 b5 21. Re2
Rfe8 22. Rec2 Rxe3 23. Rxc4 bxc4 24. fxe3 Re8 25. Qe2 g5 26. Rxc4 h5 27. Rxg4
1-0

[Event "C.to Regionale Sardegna"]
[Site "Sardara ITA"]
[Date "2011.05.28"]
[Round "6"]
[White "Maldarelli, Lorenzo"]
[Black "Neri, Luca"]
[Result "1-0"]
[WhiteElo "1813"]
[BlackElo "1639"]
[PlyCount "101"]
[EventDate "2011.05.23"]

1. d4 Nf6 2. c4 g6 3. Nc3 d5 4. cxd5 Nxd5 5. e4 Nxc3 6. bxc3 Bg7 7. Bc4 O-O 8.
Ne2 c5 9. Be3 Nc6 10. O-O Qa5 11. Rb1 a6 12. a4 e6 13. Qc2 cxd4 14. cxd4 Qc7
15. Rfc1 Qe7 16. Ba2 Rd8 17. e5 Nb4 18. Qc4 a5 19. f4 Bd7 20. Qb3 Rdc8 21. Rc5
Rxc5 22. dxc5 Bc6 23. Nc3 Rd8 24. Rd1 Rxd1+ 25. Qxd1 Qd7 26. Qxd7 Bxd7 27. Bc4
f6 28. g4 fxe5 29. f5 gxf5 30. gxf5 Kf7 31. Ne4 Bf8 32. Ng5+ Ke7 33. fxe6 Bxa4
34. Nxh7 Bc2 35. Bg5+ Ke8 36. Bb5+ Nc6 37. Nf6+ Ke7 38. Nd7+ Ke8 39. Be2 Bg6
40. h4 Be7 41. Nf6+ Kd8 42. h5 Bf5 43. h6 Bxf6 44. Bxf6+ Ke8 45. Bg4 Bh7 46.
Bh5+ Kf8 47. Bd1 Bg6 48. Kf2 e4 49. Ke3 Ne7 50. Kf4 Nd5+ 51. Ke5 1-0

[Event "C.to Regionale Sardegna"]
[Site "Sardara ITA"]
[Date "2011.05.28"]
[Round "6"]
[White "Mallo', Danilo"]
[Black "Altea, Giovanni"]
[Result "1-0"]
[WhiteElo "1930"]
[BlackElo "1896"]
[PlyCount "83"]
[EventDate "2011.05.23"]

1. d4 Nf6 2. c4 Nc6 3. Nf3 e6 4. g3 Bb4+ 5. Bd2 Bxd2+ 6. Qxd2 O-O 7. Nc3 d6 8.
Bg2 e5 9. dxe5 dxe5 10. Nd5 Re8 11. Rd1 h6 12. Nc3 Qe7 13. Nd5 Qd8 14. O-O Bf5
15. a3 Ne4 16. Qc1 Qc8 17. Qe3 Bh7 18. h4 Nd6 19. Rc1 Nf5 20. Qc5 e4 21. Nd2
Nfd4 22. a4 b6 23. Qa3 Nxe2+ 24. Kh2 Nxc1 25. Rxc1 Qd7 26. Re1 f5 27. Bh3 Nd4
28. Qc3 Nc6 29. Nxe4 Re6 30. Nef6+ Rxf6 31. Qxf6 Qxd5 32. Qxg7+ Kxg7 33. cxd5
Nb4 34. Re7+ Kg8 35. Bg2 Rc8 36. Rd7 Nd3 37. b3 Nxf2 38. Bf1 Ng4+ 39. Kg1 Re8
40. Bc4 Re1+ 41. Kg2 Rd1 42. d6+ 1-0

[Event "C.to Regionale Sardegna"]
[Site "Sardara ITA"]
[Date "2011.05.28"]
[Round "6"]
[White "Marano, Daniele"]
[Black "Putzolu, Marcello"]
[Result "1-0"]
[WhiteElo "1663"]
[BlackElo "1824"]
[PlyCount "101"]
[EventDate "2011.05.23"]

1. e4 c5 2. Nc3 Nc6 3. g3 e6 4. Bg2 Nf6 5. d3 Be7 6. f4 d6 7. Nge2 Bd7 8. O-O
O-O 9. Bd2 a6 10. Kh1 Rb8 11. f5 exf5 12. exf5 Qc8 13. Nd5 Nxd5 14. Bxd5 Bxf5
15. Rxf5 Qxf5 16. Nc3 Qd7 17. Qh5 g6 18. Qh6 Bf6 19. Rf1 Bg7 20. Qh4 Ne5 21.
Ne4 Qg4 22. Nf6+ Bxf6 23. Qxf6 Qh3 24. Bc3 Qd7 25. Rf4 Rbe8 26. Rh4 Qe7 27. Qf1
Qg5 28. Bxb7 Re6 29. Rf4 Re7 30. Bg2 Nd7 31. Bh3 d5 32. Bxd7 Rxd7 33. Bf6 Qh6
34. Rh4 Qxh4 35. gxh4 h5 36. Qf4 Kh7 37. Qe5 Rg8 38. d4 cxd4 39. Qxd4 Rd6 40.
c4 Rc6 41. cxd5 Rc1+ 42. Kg2 Rgc8 43. Kf3 Rf1+ 44. Kg2 Re1 45. Qd2 Rcc1 46. Bc3
Rg1+ 47. Kf3 Rcf1+ 48. Ke3 Rg4 49. d6 Rgf4 50. Bd4 R1f3+ 51. Ke2 1-0

[Event "C.to Regionale Sardegna"]
[Site "Sardara ITA"]
[Date "2011.05.29"]
[Round "6"]
[White "Murgia, Stefano"]
[Black "Palmas, Alessandro"]
[Result "1/2-1/2"]
[WhiteElo "1718"]
[BlackElo "1826"]
[PlyCount "43"]
[EventDate "2011.05.23"]

1. e4 e5 2. d4 exd4 3. Qxd4 Nc6 4. Qe3 Nf6 5. Nc3 b6 6. Bc4 Bc5 7. Qg3 Nh5 8.
Qf3 Ne5 9. Bxf7+ Nxf7 10. Qxh5 O-O 11. f3 Bb7 12. Bd2 a5 13. Nge2 a4 14. Nd5 c6
15. Nb4 a3 16. b3 Qf6 17. Rd1 Nd6 18. e5 Qe6 19. Nd3 Nf7 20. Bc3 Be3 21. Bd2
Bxd2+ 22. Rxd2 1/2-1/2

[Event "C.to Regionale Sardegna"]
[Site "Sardara ITA"]
[Date "2011.05.28"]
[Round "6"]
[White "Murtas, Gianvito"]
[Black "Cao, Carlo"]
[Result "1/2-1/2"]
[WhiteElo "1751"]
[BlackElo "1461"]
[PlyCount "62"]
[EventDate "2011.05.23"]

1. e4 e6 2. d4 d5 3. Nc3 Bb4 4. e5 Ne7 5. Bd3 c5 6. a3 Bxc3+ 7. bxc3 Nbc6 8.
Nf3 Nf5 9. O-O Qc7 10. Re1 cxd4 11. cxd4 Nfxd4 12. Bb2 Nf5 13. Rb1 O-O 14. Qd2
Rd8 15. h3 Qe7 16. Qf4 Bd7 17. Bc1 Kh8 18. Qg4 Qe8 19. Bg5 Rdc8 20. Nh4 h6 21.
Qh5 g6 22. Bf6+ Kh7 23. Qg4 Nce7 24. Rxb7 Ng8 25. Nxf5 Nxf6 26. exf6 exf5 27.
Rxe8 fxg4 28. Rxc8 Bxc8 29. Rxf7+ Kg8 30. Bxg6 gxh3 31. Rh7 Be6 1/2-1/2

[Event "C.to Regionale Sardegna"]
[Site "Sardara ITA"]
[Date "2011.05.28"]
[Round "6"]
[White "Neri, Enzo"]
[Black "Puzzoni, Christian"]
[Result "0-1"]
[WhiteElo "2099"]
[BlackElo "2089"]
[PlyCount "88"]
[EventDate "2011.05.23"]

1. d4 d5 2. Nf3 Nc6 3. Bf4 Bg4 4. e3 e6 5. h3 Bh5 6. c3 Bd6 7. Bb5 Bxf4 8.
Bxc6+ bxc6 9. exf4 Qd6 10. g4 Bg6 11. Ne5 Ne7 12. Nd2 f6 13. Nxg6 Nxg6 14. f5
Nh4 15. fxe6 O-O 16. O-O f5 17. Nf3 Nxf3+ 18. Qxf3 fxg4 19. Qxg4 Rf6 20. Qh5
Rxe6 21. Rae1 Rg6+ 22. Kh1 Rf8 23. Qe5 Qd7 24. Re3 Rh6 25. Kg2 Qf7 26. f4 Rg6+
27. Kh2 Rf6 28. Kg2 h6 29. a4 a5 30. b4 Qg6+ 31. Rg3 Qf7 32. Re3 axb4 33. cxb4
Qg6+ 34. Rg3 Qc2+ 35. Kh1 R8f7 36. Rfg1 Kh7 37. a5 g6 38. Qe8 Qf5 39. a6 Re6
40. Qd8 Qe4+ 41. R3g2 Re8 42. Qh4 Rxf4 43. Qg3 g5 44. Ra1 Qxd4 0-1

[Event "C.to Regionale Sardegna"]
[Site "Sardara ITA"]
[Date "2011.05.28"]
[Round "6"]
[White "Nessi, Davide"]
[Black "Camboni, Paolo"]
[Result "1-0"]
[WhiteElo "1756"]
[BlackElo "1875"]
[PlyCount "49"]
[EventDate "2011.05.23"]

1. e4 Nf6 2. e5 Ng8 3. Bc4 d5 4. exd6 cxd6 5. Nf3 Nf6 6. Nc3 g6 7. d4 Bg7 8. h3
O-O 9. Be3 a6 10. Qd2 b5 11. Bd3 Bb7 12. Bh6 Qb6 13. Bxg7 Kxg7 14. Qf4 Nc6 15.
O-O Nb4 16. Rad1 Rac8 17. Qe3 Rc7 18. Rfe1 Rfc8 19. Re2 Rxc3 20. bxc3 Nfd5 21.
Qg5 Nxa2 22. Rxe7 Nxe7 23. Qxe7 Nxc3 24. Ng5 Rc7 25. Ne6+ 1-0

[Event "C.to Regionale Sardegna"]
[Site "Sardara ITA"]
[Date "2011.05.28"]
[Round "6"]
[White "Passalacqua, Tullio"]
[Black "Pannella, Antonello"]
[Result "0-1"]
[WhiteElo "1479"]
[BlackElo "1511"]
[PlyCount "133"]
[EventDate "2011.05.23"]

1. d4 f5 2. c4 Nf6 3. Bg5 b6 4. Nf3 Bb7 5. Bxf6 exf6 6. d5 Bc5 7. Qc2 g6 8. Nc3
O-O 9. e3 Re8 10. Bd3 Qe7 11. O-O-O c6 12. h4 Na6 13. a3 cxd5 14. Nxd5 Bxd5 15.
cxd5 Rac8 16. Bc4 Bd6 17. Qb3 Nc5 18. Qb5 Rb8 19. Ba2 Rec8 20. Kd2 Ne4+ 21. Ke1
Rc2 22. Nd2 Rc5 23. Qd3 Rbc8 24. Nxe4 fxe4 25. Qd4 Rc2 26. Bb3 R2c7 27. h5 g5
28. h6 Qe8 29. Qxf6 Qg6 30. Qxg6+ hxg6 31. h7+ Kg7 32. h8=Q+ Rxh8 33. Rxh8 Kxh8
34. Rd4 Be5 35. Rxe4 Bxb2 36. Re8+ Kg7 37. Re7+ Kf6 38. d6 Rc1+ 39. Kd2 Bxa3
40. Rxd7 Rc6 41. Rf7+ Ke5 42. d7 Rd6+ 43. Ke2 Bb4 44. Ba4 Rd2+ 45. Kf1 Ke6 46.
Rh7 Be7 47. Rg7 Kf6 48. Rg8 Rd6 49. e4 Ke5 50. f3 a6 51. Re8 Ke6 52. e5 Rd4 53.
Bc6 b5 54. Ke2 b4 55. Ke3 Rd1 56. Ba4 Rxd7 57. Bxd7+ Kxd7 58. Rb8 a5 59. Kd4 a4
60. Kd5 a3 61. e6+ Kc7 62. Ra8 Kb7 63. Re8 Bf6 64. Kc4 a2 65. Rf8 a1=Q 66. Rf7+
Kc6 67. e7 0-1

[Event "C.to Regionale Sardegna"]
[Site "Sardara ITA"]
[Date "2011.05.28"]
[Round "6"]
[White "Pitzanti, Matteo"]
[Black "Serra, Emanuele"]
[Result "0-1"]
[WhiteElo "1500"]
[BlackElo "1786"]
[PlyCount "78"]
[EventDate "2011.05.23"]

1. d4 Nf6 2. Nc3 d6 3. Bg5 Nbd7 4. e4 g6 5. Qd2 h6 6. Bh4 Bg7 7. O-O-O c6 8. f3
a5 9. a4 Nb6 10. g4 Be6 11. b3 Rc8 12. Bf2 Bd7 13. h3 e6 14. f4 Na8 15. Nf3 Nc7
16. Bd3 Rb8 17. e5 dxe5 18. dxe5 Nfd5 19. Ne4 O-O 20. Bh4 Ne7 21. Bf6 b5 22.
axb5 cxb5 23. Qxa5 Ra8 24. Bxe7 Rxa5 25. Bxd8 Rxd8 26. Kd2 Nd5 27. Nd6 Bc6 28.
Nd4 Ba8 29. Rhf1 Nxf4 30. N4xb5 Bxe5 31. Nc4 Nxd3 32. Nxa5 Nb2+ 33. Kc1 Nxd1
34. Rxd1 Bf4+ 35. Kb2 Rxd1 36. c4 Be5+ 37. Ka3 Ra1+ 38. Kb4 Bg3 39. Na3 Be1+
0-1

[Event "C.to Regionale Sardegna"]
[Site "Sardara ITA"]
[Date "2011.05.28"]
[Round "6"]
[White "Saccheri, Fabio"]
[Black "Dessy, Eugenio"]
[Result "1-0"]
[WhiteElo "1875"]
[BlackElo "1679"]
[PlyCount "93"]
[EventDate "2011.05.23"]

1. e4 e5 2. Nf3 Nc6 3. d4 exd4 4. Bc4 Bc5 5. O-O d6 6. Ng5 Ne5 7. Bb3 Bg4 8.
Bxf7+ Kf8 9. Bxg8 Bxd1 10. Ne6+ Kxg8 11. Nxd8 Bxc2 12. Nxb7 Bxe4 13. Nxc5 Bxb1
14. Rxb1 dxc5 15. Bf4 Nd7 16. Bxc7 Rc8 17. Ba5 Kf7 18. Rfe1 Rhe8 19. Kf1 Ne5
20. b3 Rc6 21. a4 Rf6 22. f3 d3 23. Rxe5 Rxe5 24. Bc3 Ke6 25. Bxe5 Kxe5 26. Rc1
Kd4 27. Rc4+ Kd5 28. Rc3 Kd4 29. Rc4+ Ke3 30. Ke1 d2+ 31. Kd1 Rd6 32. Rxc5 Rd3
33. Re5+ Kd4 34. Re7 Rxb3 35. Kxd2 Rb2+ 36. Ke1 Rxg2 37. h4 h5 38. Rxa7 Ke3 39.
Re7+ Kxf3 40. Rf7+ Ke4 41. a5 Kd5 42. Rf5+ Kc6 43. Rxh5 Kb7 44. Rg5 Rh2 45. h5
Ka6 46. Kf1 Ra2 47. Kg1 1-0

[Event "C.to Regionale Sardegna"]
[Site "Sardara ITA"]
[Date "2011.05.28"]
[Round "6"]
[White "Sanna, Yuri"]
[Black "Di Pinto, Vincenzo"]
[Result "1-0"]
[WhiteElo "1779"]
[BlackElo "1622"]
[PlyCount "76"]
[EventDate "2011.05.23"]

1. d4 Nf6 2. Nc3 e6 3. e4 Bb4 4. e5 Ne4 5. Qg4 Nxc3 6. a3 Bf8 7. bxc3 f5 8.
exf6 Qxf6 9. Bg5 Qf7 10. Bd3 Nc6 11. Qe2 Be7 12. h4 Bf6 13. Nf3 d6 14. Kf1 Ne7
15. Rb1 h6 16. Bxf6 Qxf6 17. h5 g5 18. hxg6 Nxg6 19. Qe4 Nf4 20. Rb5 c6 21. Ra5
Bd7 22. Rh4 Nxd3 23. cxd3 d5 24. Qe5 Qxe5 25. dxe5 b6 26. Raa4 c5 27. Raf4
O-O-O 28. Rf6 h5 29. Ng5 Rdf8 30. Rxf8+ Rxf8 31. Rxh5 Rf5 32. Rh8+ Kc7 33. Nf3
d4 34. cxd4 cxd4 35. Rh4 Bc6 36. Rh7+ Kb8 37. Nxd4 Bxg2+ 38. Kxg2 Rxe5 1-0

[Event "C.to Regionale Sardegna"]
[Site "Sardara ITA"]
[Date "2011.05.28"]
[Round "6"]
[White "Toniolo, Massimo"]
[Black "Boi, Fausto"]
[Result "0-1"]
[WhiteElo "1748"]
[BlackElo "1812"]
[PlyCount "74"]
[EventDate "2011.05.23"]

1. e4 e6 2. d4 d6 3. Nf3 a6 4. c4 b6 5. Nc3 Ne7 6. Bd3 g6 7. Be3 Nd7 8. Qd2 h6
9. O-O Bb7 10. d5 e5 11. b4 f5 12. exf5 gxf5 13. Nh4 f4 14. Bxf4 exf4 15. Ng6
Rg8 16. Nxf4 Ne5 17. Ne6 Qd7 18. f4 Nxd3 19. Qxd3 Qxe6 20. f5 Qf6 21. Ne4 Qe5
22. f6 O-O-O 23. fxe7 Qxe7 24. Nf6 Rg5 25. Nh7 Re5 26. Qg6 Re8 27. Nf6 Rd8 28.
Nh7 c6 29. Nxf8 Rxf8 30. dxc6 Bxc6 31. Qxh6 Rg8 32. g3 Re2 33. Rf2 Rxf2 34.
Kxf2 Rf8+ 35. Kg1 Qf6 36. Qh3+ Bd7 37. Qf1 Qd4+ 0-1

[Event "C.to Regionale Sardegna"]
[Site "Sardara ITA"]
[Date "2011.05.29"]
[Round "7"]
[White "Belvisi, Ivano"]
[Black "Deruda, Leonardo"]
[Result "1-0"]
[WhiteElo "2003"]
[BlackElo "1930"]
[PlyCount "87"]
[EventDate "2011.05.23"]

1. d4 g6 2. c4 Bg7 3. Nc3 d6 4. e4 Nc6 5. Be3 e5 6. dxe5 Nxe5 7. Nf3 Nxf3+ 8.
Qxf3 Bxc3+ 9. bxc3 Qf6 10. Qxf6 Nxf6 11. Bd4 Ke7 12. c5 Re8 13. cxd6+ cxd6 14.
Bb5 Nd7 15. O-O Kf8 16. Rfe1 a6 17. Bc4 Ne5 18. Bd5 Nc6 19. Be3 Be6 20. Rab1
Re7 21. Bf4 Rd7 22. Rxb7 Rxb7 23. Bxc6 Rab8 24. Bxd6+ Kg7 25. Bxb8 Rxb8 26. Bd5
Rb2 27. Kf1 Rc2 28. Re3 Bd7 29. Bb3 Bb5+ 30. Ke1 Rc1+ 31. Kd2 Rf1 32. c4 Bc6
33. f3 a5 34. Re1 Rf2+ 35. Re2 Rf1 36. Kc3 Kf6 37. Kd4 a4 38. Bc2 Ra1 39. Bd3
Rd1 40. Kc3 Ke5 41. Rd2 Rc1+ 42. Bc2 Re1 43. Kb4 Ra1 44. Bxa4 1-0

[Event "C.to Regionale Sardegna"]
[Site "Sardara ITA"]
[Date "2011.05.29"]
[Round "7"]
[White "Camboni, Paolo"]
[Black "Pitzanti, Matteo"]
[Result "1-0"]
[WhiteElo "1875"]
[BlackElo "1500"]
[PlyCount "77"]
[EventDate "2011.05.23"]

1. Nf3 d5 2. b3 Nc6 3. Bb2 Bg4 4. e3 e5 5. Be2 Bxf3 6. gxf3 Nf6 7. O-O Qd7 8.
Kh1 O-O-O 9. Na3 Bd6 10. Rg1 Rdg8 11. Nb5 Be7 12. a4 a6 13. d4 exd4 14. Nxd4
Nxd4 15. Bxd4 c6 16. c3 Bd6 17. b4 Qc7 18. Qf1 Be5 19. b5 Bxd4 20. cxd4 a5 21.
bxc6 bxc6 22. Rc1 Re8 23. Rxg7 Rhg8 24. Ba6+ Kd8 25. Rxg8 Nxg8 26. Rb1 Qa7 27.
Rb7 Qa8 28. Rxf7 Re7 29. Rf8+ Re8 30. Rxe8+ Kxe8 31. Bd3 Qb7 32. Qh3 h6 33.
Qe6+ Kf8 34. f4 Qb3 35. Bg6 Qb7 36. Kg2 Qc7 37. h4 Qe7 38. Qxc6 Qxh4 39. Qe8+
1-0

[Event "C.to Regionale Sardegna"]
[Site "Sardara ITA"]
[Date "2011.05.29"]
[Round "7"]
[White "Cao, Carlo"]
[Black "Toniolo, Massimo"]
[Result "0-1"]
[WhiteElo "1461"]
[BlackElo "1748"]
[PlyCount "40"]
[EventDate "2011.05.23"]

1. e4 c5 2. Nc3 e6 3. f4 Nc6 4. Bb5 Qc7 5. d3 a6 6. Bxc6 Qxc6 7. Nf3 b5 8. O-O
d6 9. Qe1 b4 10. Ne2 Be7 11. Ng3 Nf6 12. e5 Nd7 13. f5 Nxe5 14. Nxe5 dxe5 15.
Nh5 Bf6 16. Qg3 Bb7 17. Nxg7+ Bxg7 18. Qxg7 O-O-O 19. Qg4 Rdg8 20. Qe4 Qc7 0-1

[Event "C.to Regionale Sardegna"]
[Site "Sardara ITA"]
[Date "2011.05.29"]
[Round "7"]
[White "Caredda, Giuseppe"]
[Black "Erriu, Giampiero"]
[Result "1/2-1/2"]
[WhiteElo "1608"]
[BlackElo "1734"]
[PlyCount "32"]
[EventDate "2011.05.23"]

1. d4 Nf6 2. c4 e5 3. e3 exd4 4. exd4 Be7 5. Be2 O-O 6. Nf3 d6 7. O-O Bg4 8.
Bg5 Nbd7 9. Nbd2 Re8 10. Re1 d5 11. b3 h6 12. Be3 Bb4 13. a3 Bxd2 14. Bxd2 Ne4
15. h3 Nxd2 16. Qxd2 Be6 1/2-1/2

[Event "C.to Regionale Sardegna"]
[Site "Sardara ITA"]
[Date "2011.05.29"]
[Round "7"]
[White "Dessy, Eugenio"]
[Black "Altea, Alessandro"]
[Result "1/2-1/2"]
[WhiteElo "1679"]
[BlackElo "1813"]
[PlyCount "161"]
[EventDate "2011.05.23"]

1. d4 Nf6 2. c4 Nc6 3. Nf3 e6 4. a3 h6 5. Nc3 g6 6. e3 Bg7 7. Qc2 O-O 8. Bd3 d6
9. O-O Re8 10. Re1 e5 11. d5 Ne7 12. h3 Nd7 13. Be2 Nb6 14. Bd2 f5 15. Rac1 Rf8
16. b4 Kh8 17. Red1 Qe8 18. Be1 Bd7 19. Nb5 Qd8 20. e4 a6 21. Nc3 f4 22. c5
Nbc8 23. Na4 Na7 24. cxd6 cxd6 25. Qb3 Rc8 26. Nb2 Bb5 27. Bxb5 Nxb5 28. a4 Na7
29. b5 axb5 30. axb5 Rxc1 31. Rxc1 Nec8 32. Nc4 b6 33. Qa4 Rf7 34. Bb4 Bf8 35.
Qa6 Kg7 36. Nfxe5 dxe5 37. Bxf8+ Rxf8 38. Nxe5 Qe7 39. Qa1 Kh7 40. f3 Nxb5 41.
Nc6 Qf7 42. Qa4 Nbd6 43. Qa6 Re8 44. Nd4 Nb7 45. Ne6 Nc5 46. Nxc5 bxc5 47. Rxc5
Qd7 48. Rc6 Rg8 49. Rf6 Qc7 50. Qe6 Rg7 51. Qc6 Qa7+ 52. Kh2 Ne7 53. Qd6 Nc8
54. Qxf4 Qd7 55. Qg4 Qc7+ 56. Qg3 Qe7 57. Rc6 Qe8 58. Qb8 Rg8 59. e5 Kh8 60.
Qc7 Ne7 61. Re6 Nxd5 62. Qd6 Qd8 63. Qxd8 Rxd8 64. Rxg6 Kh7 65. Re6 Nf4 66. Rf6
Nh5 67. Rc6 Re8 68. Rc5 Nf4 69. g3 Nd3 70. Rc7+ Kg6 71. f4 Nb4 72. Rb7 Nd3 73.
Kg2 Ne1+ 74. Kf2 Nd3+ 75. Kf3 Rf8 76. Rb6+ Kg7 77. Kg4 Nf2+ 78. Kh4 Rf5 79.
Rb7+ Kg6 80. Rb6+ Kg7 81. Rb7+ 1/2-1/2

[Event "C.to Regionale Sardegna"]
[Site "Sardara ITA"]
[Date "2011.05.29"]
[Round "7"]
[White "Ibba, Isacco"]
[Black "Mallo', Danilo"]
[Result "1-0"]
[WhiteElo "2187"]
[BlackElo "1930"]
[PlyCount "71"]
[EventDate "2011.05.23"]

1. d4 d5 2. c4 c6 3. Nc3 Nf6 4. Nf3 e6 5. e3 Be7 6. Bd3 dxc4 7. Bxc4 b5 8. Bd3
Bb7 9. e4 a6 10. O-O O-O 11. Bg5 Nbd7 12. Qe2 Re8 13. Rfe1 c5 14. Rad1 cxd4 15.
Nxd4 b4 16. e5 Nd5 17. Bxe7 Qxe7 18. Nxd5 Bxd5 19. Bxa6 Qg5 20. g3 Qxe5 21. Qb5
Qb8 22. Qe2 Qb6 23. Bb5 Red8 24. Nc2 Rab8 25. Rxd5 exd5 26. Bxd7 Qd6 27. Ba4 d4
28. Qd3 Qc5 29. Rd1 Rd6 30. Ne1 Rbd8 31. Bc2 g6 32. Qd2 Rc8 33. Bb3 Qb6 34. Nd3
Rb8 35. Ne5 Rb7 36. Nc4 1-0

[Event "C.to Regionale Sardegna"]
[Site "Sardara ITA"]
[Date "2011.05.29"]
[Round "7"]
[White "Magrini, Fabrizio"]
[Black "Puzzoni, Christian"]
[Result "1-0"]
[WhiteElo "2158"]
[BlackElo "2089"]
[PlyCount "73"]
[EventDate "2011.05.23"]

1. e4 e5 2. Nf3 Nc6 3. Bc4 Nf6 4. Ng5 d5 5. exd5 b5 6. Bf1 h6 7. Nf3 Qxd5 8.
Nc3 Qe6 9. Bxb5 Bb7 10. Qe2 Bd6 11. d4 e4 12. Ne5 Bxe5 13. dxe5 Nd7 14. Be3
Ncxe5 15. O-O-O O-O 16. g4 c6 17. Ba4 c5 18. g5 Nb6 19. gxh6 g6 20. Bb5 a6 21.
Bxc5 axb5 22. Rd6 Qc8 23. Rxb6 Re8 24. Be3 Nc4 25. Rxb5 Ba6 26. Rc5 Qe6 27. Bd4
Nxb2 28. Qxe4 Qxe4 29. Nxe4 Rxe4 30. Bxb2 Re2 31. h4 Bb7 32. h5 Be4 33. h7+
Kxh7 34. hxg6+ Kxg6 35. Rg1+ Kh6 36. Bg7+ Kh7 37. Rh5+ 1-0

[Event "C.to Regionale Sardegna"]
[Site "Sardara ITA"]
[Date "2011.05.29"]
[Round "7"]
[White "Maldarelli, Lorenzo"]
[Black "Neri, Enzo"]
[Result "1/2-1/2"]
[WhiteElo "1813"]
[BlackElo "2099"]
[PlyCount "102"]
[EventDate "2011.05.23"]

1. d4 d5 2. c4 c6 3. Nf3 Bf5 4. e3 e6 5. Nc3 Nf6 6. Be2 Nbd7 7. Nh4 Bg6 8. g3
Be7 9. a4 dxc4 10. Nxg6 hxg6 11. Bxc4 Nb6 12. Be2 Nbd5 13. Bf3 Bb4 14. Bd2 Qa5
15. Nxd5 Nxd5 16. Bxb4 Nxb4 17. O-O Rd8 18. Qb3 Rd7 19. Rfc1 Nd5 20. Rc5 Qb6
21. Qxb6 axb6 22. Rc4 Ne7 23. b4 O-O 24. b5 Rc7 25. Rac1 Rfc8 26. e4 Rd7 27. d5
exd5 28. exd5 Nxd5 29. bxc6 bxc6 30. Rxc6 Re8 31. Rd1 Nf6 32. Rxd7 Nxd7 33. Rc7
Ne5 34. Bd5 Rd8 35. Bb3 Rd3 36. Bc2 Rd2 37. Kg2 Nd3 38. Bxd3 Rxd3 39. Kf1 g5
40. Ke2 Ra3 41. Rc8+ Kh7 42. Rc4 f6 43. h4 gxh4 44. Rxh4+ Kg6 45. Rf4 Kf7 46.
Kd2 g5 47. Rd4 Kg6 48. g4 Rf3 49. Ke2 Ra3 50. f3 Kf7 51. Rb4 Kg6 1/2-1/2